000 00986nam a22002417a 4500
001 BD-DhSAU 55
003 BD-DhSAU
005 20140609105958.0
008 131223b ii a|||| |||| 001 0beng d
020 _a8122402453
040 _cBD-DhSAU
082 _222
_a581.150212 / NAS
100 _aNarain, Prem
245 _aStatistical Genetics /
_cPrem Narain
260 _aNew Delhi, India :
_bWiley Eastern Limited,
_c1993
300 _axv, 599 p. :
_bill. ;
_c24 cm.
500 _aThis Book Describes The Methodology Of A Field Of Biology That Weds Statistics And Genetics And Goes By The Name Of Statistical Genetics
504 _aIncludes Bibliographical References.
650 _aGenetics
650 _aStatistical Genetics
856 _uhttp://books.google.com.bd/books?id=axxFAQAAIAAJ&q=8122402453&dq=8122402453&hl=en&sa=X&ei=zPu3UvXoPIKQrQe5ooGoBQ&redir_esc=y
856 _uhttp://www.amazon.com/gp/search?index=books&linkCode=qs&keywords=8122402453
942 _2ddc
_cBOOK
999 _c55
_d55